| 000 | 00489nab a2200145Ia 4500 | ||
|---|---|---|---|
| 003 | ES-SlBCS | ||
| 005 | 20210601134030.0 | ||
| 008 | 140529s2012 xxu||||| |||| 00| 0 por d | ||
| 041 | _apor | ||
| 100 | 1 |
_aFreitas da Silva, Claudinei Aparecido de _9210077 |
|
| 245 | 0 | 2 |
_aA Estrutura do Sentido: Goldstein e Merleau-Ponty _c Claudinei Aparecido de Freitas Da Silva |
| 600 | 1 | 4 |
_aGoldstein, Kurt _915128 |
| 773 | 0 |
_tTransformaçao _gvol. 35, nº. 3, 2012, págs. 133-156 _wRev977 |
|
| 942 | _cAR | ||
| 999 |
_c605978 _d605978 |
||